Weiter zum Inhalt

Методические указания к лабораторной работе "Исследование доильных аппаратов"

Gespeichert in:
Bibliographische Detailangaben
Format: Книга
Sprache:Russian
Veröffentlicht: Челябинск ЮУрГАУ 2008
Online Zugang:https://e.lanbook.com/books/element.php?pl1_cid=25&pl1_id=9713
https://e.lanbook.com/img/cover/book/9713.jpg
Tags: Tag hinzufügen
Keine Tags, Fügen Sie den ersten Tag hinzu!
LEADER 00892nam0a2200205 i 4500
001 9713
003 RuSpLAN
005 20221220173902.0
008 221220s2008 ru gs 000 0 rus
040 |a RuSpLAN 
041 0 |a rus 
044 |a ru 
245 0 0 |a Методические указания к лабораторной работе "Исследование доильных аппаратов" 
260 |a Челябинск  |b ЮУрГАУ  |c 2008 
300 |a 21 с. 
504 |a Библиогр.: доступна в карточке книги, на сайте ЭБС Лань 
521 8 |a Книга из коллекции ЮУрГАУ - Ветеринария и сельское хозяйство 
856 4 |u https://e.lanbook.com/books/element.php?pl1_cid=25&pl1_id=9713 
856 4 8 |u https://e.lanbook.com/img/cover/book/9713.jpg 
953 |a https://e.lanbook.com/img/cover/book/9713.jpg